000 00435nam a2200157 4500
001 111849
003 ES-MaACL
005 20230906185355.0
007 t|
008 061121s1926 xxk r ||||1| eng d
100 1 _aNewbigin, Alice M. S.
_985475
245 1 0 _aA wayfarer in Spain /
_cAlice M. S. Newbigin.
260 _aLondon :
_bMethuen & Co.,
_c1926.
300 _aVI, 208 p. :
_bil. ;
_c20 x 12 cm.
852 _aES-MaACL
_jB-6270
999 _c111849
_d111849